|
|
|
|
| LEADER |
00000nam a2200000 a 4500 |
| 001 |
vtls008318775 |
| 003 |
SK-MaSNL |
| 005 |
20260302003639.0 |
| 008 |
230403s1961 xo p 000 0 slo |
| 015 |
|
|
|a SNBA1961/08-01615
|
| 020 |
|
|
|q (viaz.)
|
| 035 |
|
|
|a SK01SNK19610010992
|
| 035 |
|
|
|a urn:nbn:sk:snk-am3ikfz
|
| 035 |
|
|
|a AD6DE8EB-C818-4FC2-9C0B-7E50D47D5A4E
|
| 035 |
|
|
|a urn:nbn:sk:snk-am00en6d
|
| 035 |
|
|
|a SKM000013455
|
| 040 |
|
|
|a SNK
|b slo
|c SNK
|e AACR2
|
| 041 |
0 |
|
|a slo
|
| 044 |
|
|
|a xo
|c SK
|
| 080 |
|
|
|a 808.54(075.3)
|2 1981
|
| 100 |
1 |
|
|a Ružička, Jozef,
|d 1916-1989
|4 aut
|9 86113
|
| 245 |
1 |
0 |
|a Slovenská gramatika a sloh pre 3. ročník pedagogických škôl
|c Jozef Ružička, Eugen Pauliny, Jozef Štolc
|
| 250 |
|
|
|a 3. vyd.
|
| 260 |
|
|
|a Bratislava
|b Slovenské pedagogické nakladateľstvo
|c 1961
|e Trnava
|f Polygrafické závody
|
| 300 |
|
|
|a 99, [4] s.
|c 8°
|
| 366 |
|
|
|e 1150 výtl.
|
| 500 |
|
|
|a Obsahuje bibliografické odkazy a zoznam skratiek citovaných autorov
|
| 650 |
0 |
7 |
|a slovenčina
|2 SNKPH
|9 1350
|
| 650 |
0 |
7 |
|a gramatika
|2 SNKPH
|9 865
|
| 650 |
0 |
7 |
|a štylistika
|2 SNKPH
|9 870
|
| 655 |
|
7 |
|a učebnice stredných škôl
|2 SNKPH
|9 69323
|
| 700 |
1 |
|
|a Pauliny, Eugen,
|d 1912-1983
|4 aut
|9 101485
|
| 700 |
1 |
|
|a Štolc, Jozef,
|d 1908-1981
|4 aut
|9 106873
|
| 852 |
|
|
|a Slovenská národná knižnica
|
| 954 |
|
|
|a odborná, vedecká literatúra pôvodná (slovenská)
|2 lita
|
| 958 |
|
|
|a OND
|
| 958 |
|
|
|a NB
|
| 958 |
|
|
|a RK
|
| 958 |
|
|
|a UC
|
| 958 |
|
|
|a EUIPO
|
| 999 |
|
|
|c 992821
|d 994751
|
| 952 |
|
|
|a SNK
|b SNK
|y PREZ
|7 0
|p 17A0843042
|o snkSC 15566
|i snkKSP 4406/61
|0 0
|1 0
|4 0
|d 2020-07-16
|f 1
|l 0
|r 2025-07-18 00:00:00
|w 2026-02-24
|
| 952 |
|
|
|a SNK
|b SNK
|y VYP
|7 0
|o snkSC 15566 D1
|0 0
|1 0
|4 0
|d 2020-07-16
|l 0
|r 2026-02-24 11:54:40
|w 2026-02-24
|